000 00472nam a2200181Ia 4500
001 16229
005 20260306170254.0
008 260306t2010||||xx |||||||||||||| ||und||
041 _aESP
082 _a347.51
_bA69
100 _aArevalo Mogollón, Jorge
_eAUT
245 0 _aTratamiento contable y tributario para asociaciones sin fines de lucro
260 _c2010
300 _a31 páginas :
_c24 cm.
650 _aGEN
654 _aCDE
942 _cLIB
_dJUS
_fJUS
_2ddc
_n
999 _c16229
_d16229